000 00838cab a2200193 4500
001 ##L134432
008 060804n2006 000 0 eng u
035 _a(Sirsi) u134432
041 0 _aeng
100 1 _aLennon, Tom
245 0 0 _aFire engineering design of steel structures
260 _c2006
490 0 _aConstructing the Future
_v(29) Fall 2006, 5-6(2)
520 _aLooks at the advantages and disadvantages of some of the approaches to fire protection in steel framed structures. Discusses material behaviour, protection materials, innovative solutions based on partial protection and unprotected steel, performance based options, and new design methods. Graphs and tables.
590 _aIKA010806
651 4 _aUnited Kingdom
_y
690 _aMANAGEMENT-HEALTH AND SAFETY-FIRE SAFETY-FIRE SAFETY ENGINEERING
942 _n0
999 _c77522
_d77522